| 000 | 01670nam a22002057a 4500 | ||
|---|---|---|---|
| 999 |
_c60725 _d60725 |
||
| 005 | 20231013170328.0 | ||
| 008 | 231013s1981 ru ||||| |||| 00| 0 rus d | ||
| 041 | _arus | ||
| 080 | _a903.5(395.3) K-31 | ||
| 100 |
_aКахидзе, Амиран Юсупович _920077 |
||
| 245 |
_aBосточное причерноморье в античную эпоху : _b(Колхские могильники) / _cАмиран Кахидзе ; Редактор А. Апакидзе ; Художник Д. Микеладзе ; Академия Наук Грузинской ССР. Батумский Научно-исследователький институт. Научно-исследователький музей архитектуры Аджарской организации Союза архитекторов Грузии. |
||
| 264 |
_aБатуми : _bСабчота Аджара, _c1981. |
||
| 300 |
_a76 стр.; _b25 см. |
||
| 521 | _aდამატებითი თავფურცელი ქართულ და ინგლისურ ენებზე. | ||
| 653 | _aსამარხები ძველ კოლხეთში | ||
| 700 |
_aАпакидзе, А. _eრედაქტორი. _918362 |
||
| 700 |
_aМикеладзе, Д. _eმხატვარი. _920078 |
||
| 710 |
_aАкадемия Наук Грузинской ССР. _eБатумский научно-исследовательский институт. Научно-исследовательский музей архитектуры Аджарской организации Союза архитекторов Грузии _920079 |
||
| 942 |
_2udc _cBK |
||